| 000 | 00564nam a2200193 a 4500 | ||
|---|---|---|---|
| 005 | 20210223125204.0 | ||
| 008 | 031016s2001 ag r 000 0 spa d | ||
| 020 | _a9500421925 | ||
| 035 | _aUPN01000130241 | ||
| 049 | _aCG | ||
| 050 | 4 |
_aPQ9261 P4.17 _bH6.7 |
|
| 100 | 1 |
_aPessoa, Fernando, _d1888-1935 _930063 |
|
| 245 | 1 | 3 |
_aLa hora del diablo / _cFernando Pessoa ; tr. Rosa Corgatelli. |
| 260 |
_aBuenos Aires : _bEmecé, _c2001. |
||
| 300 | _a69 p. | ||
| 534 |
_pTraducción de: _tA hora do diabo |
||
| 650 | 4 |
_aLITERATURA PORTUGUESA _95579 |
|
| 905 | _aLibro | ||
| 999 |
_c102398 _d102398 |
||